000 00666nam a22002297a 4500
005 20170124110101.0
010 _aB-132891
020 _c00.00
035 _aB-132891
037 _bCen Lib/Ret
040 _aDPL
_bEN
082 _a954.41
_bOBR
100 _aO'Brien, Derek
_927245
245 _aThe Mumbai factfile /
_cby Derek O'Brien
260 _bPenguin Books
_aNew Delhi
_c2003
270 _a11 Community Centre, Panchsheel Park
_bNew Delhi
_e110017
300 _a309p.
_c20cm(pbk)
500 _aIncludes index
650 _aMumbai (India) -- Miscellanea
_927246
650 _aIndia -- Mumbai
_927247
942 _2ddc
_cEN
_h954.41
_mOBR
999 _c129734
_d129734